000 01004cam a2200313 a 4500
001 1127304
005 20180228080359.0
008 941229s1995 nyua b 001 0 eng c
010 _a 94049605
020 _a047158651X (cloth : acidfree paper)
020 _a0471135585 (IBM version)
020 _a0471135593 (Mac Version)
020 _a0471058823 (CDROM)
040 _aDNLM/DLC
_cDLC
_dDLC
041 _aeng
060 0 0 _aQU 4 V876b 1995
080 _a574.19/2 don
082 0 0 _a574.19/2 don
_220
100 1 _a5
101 _akim
245 1 0 _aBiochemistry /
_cDonald Voet, Judith G. Voet.
504 _aIncludes bibliographical references and index.
740 0 _aKinemages.
740 0 _aImage manager.
906 _a7
_bcbc
_corignew
_d1
_eocip
_f19
_gy-gencatlg
942 _2ddc
_cBK
999 _c43716
_d43716